000
00285nam a2200109Ia 4500
008
220204s9999 xx 000 0 und d
082
_a
355
_b
BHA
100
_a
Bhargava, G S
245
0
_a
Their finest hour: Saga of India's December victory
260
_a
Delhi
_b
Vikas
_c
1972
942
_c
BK
999
_c
28867
_d
28867